Normal view
MARC view
- Khan, M. I. Gabriel.
Entry Personal Name
001 - CONTROL NUMBER
- control field: 1760
003 - CONTROL NUMBER IDENTIFIER
- control field: NUST
005 - DATE AND TIME OF LATEST TRANSACTION
- control field: 20170601094408.0
008 - FIXED-LENGTH DATA ELEMENTS
- fixed length control field: 170601|| aca||aabn | a|a d
040 ## - CATALOGING SOURCE
- Original cataloging agency: NUST
- Transcribing agency: NUST
100 ## - HEADING--PERSONAL NAME
- Personal name: Khan, M. I. Gabriel.
670 ## - SOURCE DATA FOUND
- Source citation: Work cat.: (NUST)0: Khan, M. I. Gabriel., Heart attacks, hypertension, and heart drugs /, 1987, c1986.
